Score 0/10 Timer 05:00
0 Plays Today
ending uk sitcom % Correct
Corporal Jones gets married to Mrs FoxDads Army
90.5%
Victor is victim of a hit and run driverOne Foot In The Grave
90.5%
Geraldine gets marriedThe Vicar of Dibley
90.1%
Dave turns out to be Craig and fans are dissapointed on earthRed Dwarf
79.8%
Gary celebrates VE day and gets stuck in the 1940'sGoodnight Sweetheart
74.8%
Garys office closes and Dorothy goes into labourMen Behaving Badly
74%
Ritchie and Eddie try to blackmail the prime ministerBottom
69.8%
Frank begins flying lessons but manages to cause his instructor to pass out in mid flight.Some mothers do ave em
61.2%
Petula dies leaving Bren a bag of moneyDinnerladies
46.7%
Susan gives birth and Steve talks to a female JeffCoupling
27.3%
Remove Ads.
Support Sporcle.
Get the best of Sporcle when you Go Orange. This ad-free experience offers more features, more stats, and more fun while also helping to support Sporcle. Thank you for becoming a member.

You're not logged in!

Compare scores with friends on all Sporcle quizzes.
OR
Log In

Show Comments

Extras

Created Jan 31, 2011ReportNominate
Tags:Sitcom Quiz, Ending

Top Quizzes Today


Score Distribution

Your Account Isn't Verified!

In order to create a playlist on Sporcle, you need to verify the email address you used during registration. Go to your Sporcle Settings to finish the process.

Report this User

Report this user for behavior that violates our Community Guidelines.

Details: